La educación preescolar: teoría y práctica

Guardado en:
Detalles Bibliográficos
Autores principales: Abbadie, Madeleine (Autor), Andraud, Andrée (Autor), Bandet, Jeanne (Autor), Beriou, Yvette (Autor), Campistron, Simone (Autor), Colly, Andrée (Autor), Delaunay, Alice (Autor), Goutard, Madeleine (Autor), Goutet, Renée (Autor), Herbinière Lebert, Suzanne (Autor), Heyries, Paulette (Autor), Jollivet, Ginette (Autor), Michelet, André (Autor), Quilghini, Jeannine (Autor), Sarazanas, Réjane (Autor), Schneider, Jeanne (Autor), Voisin, Maria (Autor)
Formato: Libro
Lenguaje:español
Publicado: Madrid Cincel 1980
Colección:Temas de educación preescolar, 5
Materias:
Etiquetas: Agregar Etiqueta
Sin Etiquetas, Sea el primero en etiquetar este registro!

MARC

LEADER 00000nam a2200000 a 4500
001 UCY8891
003 CL-VaPUC
008 950707e19800000SP |||||||||||||||||spa|d
082 0 4 |a 372.21  |b ABB  |2 21 
100 0 |a Abbadie, Madeleine  |e author  |9 340658 
700 0 |a Andraud, Andrée  |e author  |9 340659 
700 0 |a Bandet, Jeanne  |e author  |9 340660 
700 0 |a Beriou, Yvette  |e author  |9 340661 
700 0 |a Campistron, Simone  |e author  |9 340662 
700 0 |a Colly, Andrée  |e author  |9 340663 
700 0 |a Delaunay, Alice  |e author  |9 340664 
700 0 |a Goutard, Madeleine  |e author  |9 340665 
700 0 |a Goutet, Renée  |e author  |9 340666 
700 0 |a Herbinière Lebert, Suzanne  |e author  |9 340667 
700 0 |a Heyries, Paulette  |e author  |9 340668 
700 0 |a Jollivet, Ginette  |e author  |9 340669 
700 0 |a Michelet, André  |e author  |9 340670 
700 0 |a Quilghini, Jeannine  |e author  |9 340671 
700 0 |a Sarazanas, Réjane  |e author  |9 340672 
700 0 |a Schneider, Jeanne  |e author  |9 340673 
700 0 |a Voisin, Maria  |e author  |9 340674 
245 1 3 |a La educación preescolar: teoría y práctica 
300 |a 2 v 
942 |c BK 
945 |d 19950707 00:00:00  |a mfernand 
260 |a Madrid  |b Cincel  |c 1980 
650 0 |a Educación preescolar  |9 260381 
650 7 |a JARDIN INFANTIL  |2 CL-VaPUC  |9 308724 
650 0 |a Niños de edad preescolar  |9 335607 
650 7 |a MATERIAL Y EQUIPO DIDACTICOS  |2 CL-VaPUC  |9 309109 
650 0 |a Juegos educativos  |9 307366 
650 7 |a JUGUETES EDUCATIVOS  |2 CL-VaPUC  |9 340675 
650 0 |a Dibujo   |9 260181 
650 0 |a Pintura  |9 265046 
650 0 |a Educación física  |9 240893 
650 0 |a Desarrollo del lenguaje   |9 311270 
650 7 |a ENSEÑANZA DE LA LENGUA MATERNA  |2 CL-VaPUC  |9 334470 
650 0 |a Bilingüismo  |9 307482 
650 0 |a Matemática  |9 260235 
583 |a last modification  |c 19950707 00:00:00  |k Rodrigo Vera 
490 0 |a Temas de educación preescolar, 5 
999 |c 236071  |d 236069 
952 |0 0  |1 0  |4 0  |6 372_210000000000000_ABB_1980  |7 0  |8 P  |9 243897  |a BIBEDU  |b BIBEDU  |c BIBEDU_PB  |d 2019-11-18  |h v.1  |i 1530046  |o 372.21 ABB 1980  |p 1530046  |r 2024-01-25  |w 2019-11-18  |y BK  |k EDU 
952 |0 0  |1 0  |4 0  |6 372_210000000000000_ABB_1980  |7 0  |8 P  |9 243898  |a BIBEDU  |b BIBEDU  |c BIBEDU_PB  |d 2019-11-18  |h v.2  |i 1530070  |o 372.21 ABB 1980  |p 1530070  |r 2024-01-25  |w 2019-11-18  |y BK  |k EDU 
952 |0 0  |1 0  |4 0  |6 372_210000000000000_ABB_1980  |7 0  |8 P  |9 243899  |a BIBEDU  |b BIBEDU  |c BIBEDU_PB  |d 2019-11-18  |h v.1  |i 1530062  |o 372.21 ABB 1980  |p 1530062  |r 2024-01-25  |w 2019-11-18  |y BK  |k EDU 
952 |0 0  |1 0  |4 0  |6 372_210000000000000_ABB_1980  |7 0  |8 P  |9 243900  |a BIBEDU  |b BIBEDU  |c BIBEDU_PB  |d 2019-11-18  |h v.2  |i 1530054  |o 372.21 ABB 1980  |p 1530054  |r 2024-01-25  |w 2019-11-18  |y BK  |k EDU